Reinterpreting the Banana Republic: region and State in Honduras, 1870 - 1972 /
Zapisane w:
| 1. autor: | |
|---|---|
| Kolejni autorzy: | , |
| Format: | Texto |
| Hasła przedmiotowe: | |
| Etykiety: |
Dodaj etykietę
Nie ma etykietki, Dołącz pierwszą etykiete!
|
MARC
| LEADER | 00000 a a2200000 04500 | ||
|---|---|---|---|
| 001 | 9580 | ||
| 003 | |||
| 040 | |||
| 100 | |a Lauria Santiago, Aldo A. | ||
| 245 | |a Reinterpreting the Banana Republic: |b region and State in Honduras, 1870 - 1972 / |c Aldo A. Lauria Santiago ; reseña por Guisela Asencio Lueg ; traducido por Dario A. Eutaque | ||
| 500 | |a Datos de edición: Durham, University of Nort Carolinia Press, 1996. xxvi, 242 p | ||
| 650 | |a RESEÑA BIBLIOGRAFICA | ||
| 650 | |a HISTORIA POLITICA | ||
| 650 | |a HONDUREÑOS | ||
| 700 | |a Asencio Lueg, Guisela |e reseñador | ||
| 700 | |a Eutaque, Dario A. |e traductor | ||
| 773 | |g volumen 22, número 42; páginas 335-338 | ||
| 999 | |c 36329 |d 36329 | ||
